01390 a2200241 4500003000500000005001700005010001700022020002800039040000900067082001600076100002000092245008300112250001200195260005000207300003400257505056400291650002800855700002700883700002700910700002800937856009100965856009201056Nust20221124082011.0 a 2003054667 a0792375483 (alk. paper) cNust00a621.382,BAR1 aBarry, John R.,10aDigital communication /cJohn R. Barry, Edward A. Lee, David G. Messerschmitt. a3rd ed. aBoston :bKluwer Academic Publishers,cc2004. axvi, 838 p. :bill. ;c27 cm. aIntroduction (Page-1), Deterministic Signal Processing (Page-11), Stochastic Signal Processing (Page-57), Limits of Communication (Page-113), Pulse-Amplitude Modulation (Page-131), Advanced Modulation (Page-203), Probabilistic Detection (Page-285), Equalization (Page-345), Adaptive Equalization (Page-423), MIMO Communication (Page-461), Fading and Diversity (Page-537), Error Control (Page-571), Signal Space Coding (Page-651), Phase Locked Loops (Page-701), Carrier Recovery (Page-727), Timing Recovery (Page-739), Multiple Access Alternatives (Page-767).  0aDigital communications.1 aLee, Edward A.,d1957-1 aLee, Edward A.,d1957-1 aMesserschmitt, David G.423Publisher descriptionuhttp://www.loc.gov/catdir/enhancements/fy0820/2003054667-d.html423Table of contents onlyuhttp://www.loc.gov/catdir/enhancements/fy0820/2003054667-t.html